00993cam a22002412 450000100060000000300080000600500170001400800410003103500190007204000410009104100080013205100120014008200220015210000410017424501390021526000660035430000640042050000650048450400530054965100400060265100350064271000740067723713BD-RjUL20211209000949.0140311s1943 ncuab b 000 0 eng  a(BD-RjUL)23778 aDLCcWMCdSERdBD-RjULdBD-RjULbeng aeng cCopy 2. a309.175bODS 19431 aOdum, Howard Washington,d1884-1954.10aSouthern regions of the United States /cby Howard W. Odum for the Southern regional committee of the Social science research council. aChapel Hill :bThe University of North Carolina Press,c1943. axi, 664 p. :bincl. illus. (maps) tables, diagrs. ;c26 cm. aEach part preceded by half-title not included in the paging. a"Bibliography and source materials": p. 605-620. 0aSouthern StatesxSocial conditions. 0aSouthern StatesxCivilization.2 aSocial Science Research Council (U.S.).bSouthern Regional Committee.